00418nam a2200121 a 4500008004100000020001500041050001500056100002200071245013400093260003900227300002100266350000900287120416s0000 ||||||||||||||||| || u a082132957x aIBRD(08)DP aCordukes, Peter A10aSubmission and evaluation of proposals for private power generation projects in developing countriescedited by Peter A. Cordukes aWashington, D.C.bWorld Bankc1994 axxi, 96p. : ill. a0.00